000 00767nam a2200253#a 4500
001 00997
003 HDC
007 ta
008 230623s2008 xx 000 0 eng d
020 _a19856644 (pbk.)
040 _aHDC
050 _aFMM HD2356
_b.F44 2008 C62
110 _aFederation of Malaysian Manufacturers
245 0 _aChemicals 20008/09 :
_bFMM-Matrade industry directory
264 _aKuala Lumpur :
_bFederation of Malaysia Manufacturers,
_c2008
300 _a194p. :
_b ill. ;
_c 29cm + 1 CD ROM (4 3/4 in)
500 _aIncludes index
650 _aChemical industries
_vDirectories
_zMalaysia
700 _aMalaysia External Trade Development Corporation
942 _2lcc
942 _cBK
942 _kFMM HD2356
942 _m.F44 2008 C62
999 _c22587
_d22587